000 00578nam a22001577a 4500
008 120419s2005 ua|||||r|||| 000 0 ara d
020 _a9775969646
082 _a301.20953
_bح ج ا
100 _929662
_aحجازي، سمير سعيد
245 _aثقافة العرب وثقافة الغرب في قراءة العصر /
_cسمير سعيد حجازي
260 _aالقاهرة :
_bمؤسسة طيبة،
_c2005
300 _a382 ص ؛
_c22 سم
504 _aيشتمل على إرجاعات ببليوجرافية : ص 382
653 _bAra
_cApril2012
942 _2ddc
_cBB
999 _c16664
_d16664